Beste Vorlagengeber der Bundesliga 2023/24 - Statistiken

Allgemein
  • Dieses Quiz wurde 52 mal gespielt
  • Das Durchschnittsergebnis liegt bei 13 aus 17
Antwortstatistiken
Torvorlagen Verein Spieler % Korrekt
13 Bayer 04 Leverkusen Alejandro Grimaldo
98%
11 Bayer 04 Leverkusen Florian Wirtz
92%
11 FC Bayern München Leroy Sane
92%
8 FC Bayern München Harry Kane
90%
9 FC Bayern München Thomas Müller
88%
11 1. FC Heidenheim Jan-Niklas Beste
86%
9 VfB Stuttgart Deniz Undav
84%
9 SV Werder Bremen Marvin Ducksch
84%
11 RB Leipzig Xavi Simons
84%
11 Borussia Dortmund Julian Brandt
80%
9 FC Augsburg Ermedin Demirovic
76%
8 Bayer 04 Leverkusen Victor Boniface
65%
9 VfL Bochum Kevin Stöger
63%
8 SC Freiburg Vincenzo Grifo
61%
8 Borussia Dortmund Niclas Füllkrug
59%
9 Borussia Mönchengladbach Franck Honorat
45%
8 RB Leipzig David Raum
29%
Keine übereinstimmenden Quizze gefunden
Verteilung der Resultate
Anzahl Personen mit jedem Resultat
Perzentil nach korrekt beantworteten Fragen
Ihre Resultats-Entwicklung
Sie haben dieses Quiz noch nicht gespielt